| 000 | 00679nam a2200205 a 4500 | ||
|---|---|---|---|
| 001 | 000014842 | ||
| 005 | 20260304124929.0 | ||
| 008 | 100122s1994 mx 000 0 spa d | ||
| 040 |
_aDO-SdBNP _bspa _cBNPHU |
||
| 082 |
_a303.6 _bP471f |
||
| 245 | 0 | 0 |
_aPerú en el fin del milenio / _cHeraclio Bonilla, compilador. |
| 260 |
_aMéxico : _bDirección General de Publicaciones, _c1994. |
||
| 300 |
_a412, p. : _bil., mapas ; _c21 cm. |
||
| 490 | 1 | _aClaves de América Latina | |
| 650 | 4 |
_aConflicto ecuatoriano _zPeruano, 1981 _933630 |
|
| 650 | 0 |
_aViolencia política _928993 |
|
| 700 | 1 |
_aBonilla, Heraclio, _933631 |
|
| 830 | 0 |
_aClaves de América Latina _932587 |
|
| 049 | _aBNGR | ||
| 999 |
_c14422 _d14422 |
||